000 00714cam a22002292 4500
001 0000019572
005 20151217155226.0
008 110111s xx 000 0 eng d
020 _a0321267605
040 _aKABU
_cKABU
050 0 _aHG4011
_b.G58 2005
100 1 _aGitman, Lawrence J.
_@0000151021
245 1 0 _aPrinciples of managerial finance :
_bbrief /
_cLawrence J. Gitman.
250 _a4th ed.
260 _aBoston :
_bAddison Wesley,
_c20005.
300 _a1 v. (various pagings) +
650 0 _aCorporations
_xFinance.
_@0000007704
650 0 _aBusiness enterprises
_xFinance.
_@0000152548
852 1 _9p7618 KES
908 _a110111
950 _@1
999 _c12099
_d12099